Clic A quel pays actuel correspond cette ancienne appelation ? (6) - Statistiques

Statistiques générales
  • Ce quiz a été pris 13 fois
  • Le résultat moyen est 8 sur 25
Statistiques - réponses
Hint Réponse % Correct
Royaume de Juda Israël
82%
Territoires d'Al-Andalus Espagne
73%
Kampuchéa démocratique Cambodge
64%
Province d'Armorique France
64%
Royaume de Xochicalco Mexique
64%
Royaume de Ryūkyū Japon
55%
Etat du Katanga RD Congo
55%
Royaume de Northumbrie Royaume-Uni
55%
Royaume de Connacht Irlande
45%
Territoire d'Ifni Maroc
36%
Empire Ashanti Ghana
27%
Royaume de Sikkim Inde
27%
Cité de Chichén Itzá Mexique
27%
République de Libertalia Madagascar
18%
Royaume de Mercie Royaume-Uni
18%
Cite d'Ougarit Syrie
18%
Royaume de Pamphylie Turquie
18%
Royaume d'Illyrie Albanie
9%
Despotat de Morée Grèce
9%
Empire Maurya Inde
9%
République de Lucques Italie
9%
Emirat de Nekor Maroc
9%
Empire Mochica Pérou
9%
Royaume Tarasque Mexique
0%
Cité de Pohnpeï Micronésie
0%
Aucun quiz correspondant
Distribution des résultats
% des personnes avec chaque résultat
Percentile par nombre de réponses
Votre historique - résultats
Vous n’avez pas pris ce quiz